000
00287nam a2200109 a 4500
005
20201002052907.0
008
150818s2001 000 spa d
020
_a
842162122X
245
0
_a
Lengua española : nivel básico.
260
_a
Santo Domingo : Susaeta,
_c
2001.
999
_c
45957
_d
45957
040
_a
DO-SdBNP